Statistics for Guess The Country By Connecting The Lines

Click here to take the quiz!

General Stats

  • This quiz has been taken 3,671 times
  • The average score is 21 of 45

Answers on the Map

Answers color-coded by a green-red scale on the quiz's map according to % correct below.
 

Answer Stats

HintAnswer% Correct
What country borders only China and Russia?Mongolia
99%
What Italian region has its capital in Florence? Tuscany
77%
On what peninsula are Albania and Serbia located?Balkan
70%
What is Canada's largest island?Baffin Island
65%
What island's northern part is known as Ulster?Ireland
62%
What was the capital of West Germany? Bonn
60%
What city did Rome defeat in the Punic Wars?Carthage
57%
What Egyptian city was once home to the world's greatest library?Alexandria
54%
What mountain was officially known as Mount McKinley until 2015? Denali
54%
Near what major city would you find Old Trafford stadium?Manchester
54%
What country has the largest Muslim population?Indonesia
53%
What type of animal is depicted on California's flag?Grizzly Bear
52%
On what Turkish mountain is Noah's ark often said to have landed? Mount Ararat
52%
What is the capital of Canada? Ottawa
52%
What is the largest island in the Mediterranean Sea? Sicily
52%
In what German state is Munich located?Bavaria
50%
What is the capital of Bosnia and Herzegovina? Sarajevo
49%
What is the largest landlocked country in Africa? Chad
48%
What city hosts the most well-known Oktoberfest?Munich
48%
Every year, the Spanish town of Buñol has a food fight. What type of food is thrown?Tomatoes
48%
What island chain includes Tenerife and Fuerteventura? Canary Islands
46%
What was the world's tallest building from 1931–1971?Empire State Building
45%
What country has a town named Marathon, after which the race was named?Greece
45%
What is the biggest island in the Indian Ocean?Madagascar
43%
In what U.S. state does the Mississippi River begin?Minnesota
43%
Including inland seas, what's the world's largest lake? Caspian Sea
41%
What lake is often considered to be the source of the Nile River?Lake Victoria
41%
What European country gained independence from Spain after the "Eighty Years' War"? Netherlands
40%
What de-facto independent country does China claim ownership of? Taiwan
39%
What African country was once known as Southern Rhodesia?Zimbabwe
39%
What "lost city" of the Incas is a popular tourist attraction?Machu Picchu
38%
What group of Caribbean islands includes St. Croix, St. Thomas, and Tortola? Virgin Islands
38%
What is the highest possible longitude, in degrees?180
37%
What waterfall, found in Venezuela, is the world's tallest?Angel Falls
36%
What strait separates Russia from Alaska? Bering Strait
36%
Besides a star, what object appears on the flag of Turkey and Pakistan? Crescent
36%
What is Russia's former capital and second largest city?St. Petersburg
36%
What "T" word refers to vast, treeless plain with permafrost? Tundra
36%
What ethnic group is indigenous to New Zealand? Maori
35%
What language is also known as Farsi? Persian
35%
What is the capital of Qatar? Doha
34%
What tiny island nation was once among the world's richest countries,
thanks to phosphate mining?
Nauru
34%
What ethnic group's homeland is split between Turkey, Syria, Iran, and Iraq?Kurds
33%
What city served as the capital of unoccupied France during World War II?Vichy
33%
Sudan
31%

Score Distribution

Percentile by Number Answered

Percent of People with Each Score

Your Score History

You have not taken this quiz